The New Science of Strong Materials or Why Don t Fall Through the Floor /

Salvato in:
Dettagli Bibliografici
Autore principale: Gordon, J.E (Autore)
Natura: Libro
Lingua:inglese
Pubblicazione: London : Penguin Book, 1991
Edizione:2.Ed.
Soggetti:
Tags: Aggiungi Tag
Nessun Tag, puoi essere il primo ad aggiungerne!!

MARC

LEADER 00000nam a22000003a 4500
001 stu37599
005 20150617225728.5
008 920807s1991----uk------------------eng-d
020 |a 14-013597-9 
040 |a STU  |b slo 
041 0 |a eng 
044 |a uk 
080 |a 666.7 
080 |a 620.22 
100 1 |a Gordon, J.E  |4 aut 
245 1 |a The New Science of Strong Materials or Why Don t Fall Through the Floor /  |c [aut.]J.E. Gordon 
250 |a 2.Ed. 
260 |a London :  |b Penguin Book,  |c 1991 
300 |a 287 s 
650 7 |a Materiály pevné  |2 stusub 
650 7 |a inžinierstvo materiálové  |2 stusub 
996 |b 284M015738  |c M*8061-1  |l MMKN  |s A  |a 24  |w stu37599_0001